Individually discriminable recruitment trails in a ponerine ant (Registro nro. 13689)

Detalles MARC
000 -CABECERA
Campo de control 003470000a22001210004500
090 ## - CLASIFICACIÓN LOCAL
Colección AR
Consecutivo 04589
041 0# - IDIOMA
Código de idioma para texto/pista de sonido o título separado
100 1# - ASIENTO PRINCIPAL--NOMBRE PERSONAL
Nombre personal Breed, Michael D.
245 10 - MENCION DE TITULO
Título Individually discriminable recruitment trails in a ponerine ant
700 1# - ASIENTO SECUNDARIO - NOMBRE PERSONAL
Nombre personal Harrison, J.M.
773 1# - Item fuente:
Título Insectes sociaux
Descripción física 3
Paginas del Articulo 222-226 p.
Lugar, editorial y fecha de publicación 1987
Información sobre la relación 34
942 ## - ELEMENTOS ADICIONALES (KOHA)
Tipo de ítem Artículo
Existencias
Withdrawn status Lost status Damaged status No para préstamo Colección Ubicación Permanente Ubicación actual Fecha de adquisición Fuente de Valor Datos de publicación Seriada Total Checkouts Número topográfico Inventario / Código de Barras Date last seen Ejemplar Price effective from Forma de adquisición Tipo de material
      No para Préstamo Hemeroteca Bogotá Bogotá 10/03/2010 Escobar Sarria, Federico Fuera de circulación   AR 04589 027940 25/03/2015 1 25/03/2015   Artículo